Chariots of the God/s: riding the line between Hindu and Christian
| Main Author: | |
|---|---|
| Format: | Print Article |
| Language: | English |
| Check availability: | HBZ Gateway |
| Interlibrary Loan: | Interlibrary Loan for the Fachinformationsdienste (Specialized Information Services in Germany) |
| Published: |
1999
|
| In: |
History of religions
Year: 1999, Volume: 39, Issue: 2, Pages: 95-116 |
| Standardized Subjects / Keyword chains: | B
Tamil Nadu
/ Hinduism
/ Inculturation
/ Marian devotion (motif)
/ Procession
/ Popular piety
/ Holy See (motif)
|
| RelBib Classification: | BK Hinduism, Jainism, Sikhism CC Christianity and Non-Christian religion; Inter-religious relations KBM Asia NBJ Mariology |
MARC
| LEADER | 00000caa a22000002c 4500 | ||
|---|---|---|---|
| 001 | 1640579443 | ||
| 003 | DE-627 | ||
| 005 | 20220616111648.0 | ||
| 007 | tu | ||
| 008 | 160405s1999 xx ||||| 00| ||eng c | ||
| 035 | |a (DE-627)1640579443 | ||
| 035 | |a (DE-576)465058477 | ||
| 035 | |a (DE-599)BSZ465058477 | ||
| 040 | |a DE-627 |b ger |c DE-627 |e rakwb | ||
| 041 | |a eng | ||
| 084 | |a 0 |2 ssgn | ||
| 100 | 1 | |0 (DE-588)131691171 |0 (DE-627)512461481 |0 (DE-576)16840334X |4 aut |a Waghorne, Joanne Punzo |d ca. 20.-21. Jh. | |
| 109 | |a Waghorne, Joanne Punzo ca. 20.-21. Jh. |a Waghorne Punzo, Joanne ca. 20.-21. Jh. |a Waghorne-Punzo, Joanne ca. 20.-21. Jh. |a Waghorne, Joanne P. ca. 20.-21. Jh. |a Punzo Waghome, Joanne ca. 20.-21. Jh. | ||
| 245 | 1 | 0 | |a Chariots of the God/s |b riding the line between Hindu and Christian |
| 264 | 1 | |c 1999 | |
| 336 | |a Text |b txt |2 rdacontent | ||
| 337 | |a ohne Hilfsmittel zu benutzen |b n |2 rdamedia | ||
| 338 | |a Band |b nc |2 rdacarrier | ||
| 652 | |a BK:CC:KBM:NBJ | ||
| 689 | 0 | 0 | |d g |0 (DE-588)4078142-2 |0 (DE-627)106078240 |0 (DE-576)209207558 |2 gnd |a Tamil Nadu |
| 689 | 0 | 1 | |d s |0 (DE-588)4024955-4 |0 (DE-627)106295438 |0 (DE-576)208958487 |2 gnd |a Hinduismus |
| 689 | 0 | 2 | |d s |0 (DE-588)4161769-1 |0 (DE-627)105467456 |0 (DE-576)209868406 |2 gnd |a Inkulturation |
| 689 | 0 | 3 | |d s |0 (DE-588)4074567-3 |0 (DE-627)106089102 |0 (DE-576)209194448 |2 gnd |a Marienverehrung |
| 689 | 0 | 4 | |d s |0 (DE-588)4176065-7 |0 (DE-627)104288027 |0 (DE-576)209968052 |2 gnd |a Prozession |
| 689 | 0 | 5 | |d s |0 (DE-588)4121880-2 |0 (DE-627)105766402 |0 (DE-576)20954693X |2 gnd |a Volksfrömmigkeit |
| 689 | 0 | 6 | |d b |0 (DE-588)2009545-4 |0 (DE-627)101659261 |0 (DE-576)191644501 |2 gnd |a Katholische Kirche |
| 689 | 0 | |5 (DE-627) | |
| 773 | 0 | 8 | |i In |t History of religions |d Chicago, Ill. : Univ. of Chicago Press, 1961 |g 39(1999), 2, Seite 95-116 |w (DE-627)129074004 |w (DE-600)2441-7 |w (DE-576)014406292 |x 0018-2710 |7 nnas |
| 773 | 1 | 8 | |g volume:39 |g year:1999 |g number:2 |g pages:95-116 |
| 776 | 1 | |o 10.1086/463583 | |
| 935 | |a mteo | ||
| 951 | |a AR | ||
| ELC | |b 1 | ||
| ITA | |a 1 |t 1 | ||
| LOK | |0 000 xxxxxcx a22 zn 4500 | ||
| LOK | |0 001 3302464029 | ||
| LOK | |0 003 DE-627 | ||
| LOK | |0 004 1640579443 | ||
| LOK | |0 005 20160405123012 | ||
| LOK | |0 008 160404||||||||||||||||ger||||||| | ||
| LOK | |0 040 |a DE-Tue135 |c DE-627 |d DE-Tue135 | ||
| LOK | |0 092 |o n | ||
| LOK | |0 852 |a DE-Tue135 | ||
| LOK | |0 852 1 |9 00 | ||
| LOK | |0 935 |a ixzs |a ixmi | ||
| LOK | |0 936ln |0 144204893X |a KBM | ||
| LOK | |0 936ln |0 1442043571 |a BK | ||
| LOK | |0 936ln |0 1442043806 |a CC | ||
| LOK | |0 936ln |0 1442052244 |a NBJ | ||
| LOK | |0 939 |a 04-04-16 |b l01 | ||
| ORI | |a SA-MARC-ixtheoa001.raw | ||
| REL | |a 1 | ||
| STA | 0 | 0 | |a Hinduism,Hinduism,Holy See (motif),Catholic church,Catholic Church,Catholic Church,Former pilgrimage church Saint Ottilia,Inculturation,Accommodation,Adaptation,Adaptation,Marian devotion (motif),Marian devotion,Mary,Blessed Virgin,Popular piety,Popular piety,Popular devotion,Procession,Procession,Tamil Nadu,Tamilnadu,State |
| STB | 0 | 0 | |a Hindouisme,Hindouisme,Inculturation,Procession,Procession,Religiosité populaire,Religiosité populaire,Saint-Siège (motif),Église catholique,Église catholique,Vénération de la Vierge Marie (motif),Vénération de la Vierge Marie,Dévotion mariale,Dévotion mariale |
| STC | 0 | 0 | |a Devoción a María,Hinduismo,Hinduismo,Inculturación,Movimiento juvenil católico,Procesión,Procesión,Religiosidad popular,Religiosidad popular |
| STD | 0 | 0 | |a Chiesa cattolica,Devozione popolare <motivo>,Devozione popolare,Pietà popolare,Pietà popolare,Pietà popolare (motivo),Pietà popolare,Inculturazione,Induismo,Induismo,Processione,Processione,Venerazione di Maria |
| STE | 0 | 0 | |a 印度教,圣母崇拜,玛利亚崇拜,天主教会,罗马公教,本位化,文化融入,民间信仰,游行,游行 |
| STF | 0 | 0 | |a 印度教,天主教會,羅馬公教,本位化,文化融入,民間信仰,聖母崇拜,瑪利亞崇拜,遊行,遊行 |
| STG | 0 | 0 | |a Devoção a Maria,Hinduísmo,Hinduísmo,Igreja católica,Inculturação,Processão,Processão,Religiosidade popular,Religiosidade popular |
| STH | 0 | 0 | |a Индуизм (мотив),Индуизм,Инкультурация,Католическая церковь (мотив),Народные верования (мотив),Народные верования,Почитание Девы Марии,Процессия (мотив),Процессия |
| STI | 0 | 0 | |a Ινδουισμός (μοτίβο),Ινδουισμός,Καθολική Εκκλησία (μοτίβο),Λατρεία της Παναγίας,Λαϊκή ευσέβεια (μοτίβο),Λαϊκή ευσέβεια,Λιτανεία <μοτίβο>,Λιτανεία,Περιφορά,Πομπή,Περιφορά (μοτίβο),Πομπή (μοτίβο),Πολιτισμική υπαγωγή |
| SUB | |a REL | ||
| SYG | 0 | 0 | |a Tamilnadu,Tamiḻnāṭu,Tamilnad,Tamishagam,Tamizhagam , Hinduism,Brahmanismus,Vedic religion , Verehrung,Marienfrömmigkeit,Marienkult , Prozessionen,Prozessionen , Volksreligiosität,Volksreligiösität,Volksreligiosität,Lived religion , Katolikus Egyház,RCC,Katoličeskaj Cerkovʹ,Katoličke Cerkve,Katolska Cyrkej,Katolske Kirke,Ecclesia Catholica,Igreja Católica,Römisch-Katholische Kirche,Katholikē Ekklēsia,Catholic Church,Roman Catholic Church,Eglise Catholique,Eglise Catholique Romaine,Chiesa Cattolica,Katholieke Kerk,Iglesia Católica,Katolické Církve,Kościoł Katolicki,Katoličke Crkve,Eglise catholique romaine,Chiesa cattolica romana,Roman catholic Church,Eglise catholique,Römische Kirche , Eglise catholique,Roman Catholic Church,Catholic Church , Ehemalige Wallfahrtskirche Sankt Ottilia |
| TIM | |a 100019690101_100020261231 |b 1969 - 2026 | ||



